LEADER 01471nam a2200277 i 4500 001 000000349484 003 CaOOAMICUS 005 20220525120912.0 008 220217s2021 it m u000 u ita u 013 $a236134 020 $a978-88-7839-470-4 040 $aSeMil$bita 100 1 $aIraci, Filadelfio Alberto,$d<1987- >.$0(OLS)http://semarc/name/94135 245 10$aDiritto canonico e teologia morale :$bevoluzione storica e prospettiva interdisciplinare in relazione con la quaestio fori /$cFiladelfio Alberto Iraci. 264 1$aRoma :$bGBP, Gregorian & Biblical Press,$c2021. 300 $a487 p. ;$c24 cm +$e[1] carta di tav. ripieg. 490 1 $aTesi Gregoriana. Serie Diritto canonico ;$v120 650 4$aDiritto canonico - Foro interno.$0(OLS)http://semarc/subject/51705 650 4$aDiritto canonico e teologia morale - Sec. 12.-21.$0(OLS)http://semarc/subject/51704 830 0$aTesi Gregoriana. Serie Diritto canonico ;$v120.$0(OLS)http://semarc/title/400183 850 $aSeMil 852 $aSeMil$W1$xVenegono$y1$m2HA B 120$j231760$B240527$CSeMilBibl$Z2$F240527 $81 996 $6020$a978-88-7839-470-4$9(OLS)http://semarc/number/295307 996 $6245$aDiritto canonico e teologia morale :$bevoluzione storica e prospettiva interdisciplinare in relazione con la quaestio fori$9(OLS)http://semarc/title/439045 996 $6264$aRoma :$bGBP, Gregorian & Biblical Press$9(OLS)http://semarc/publisher/33573 LEADER 00957nam a2200229 i 4500 001 000000054813 003 CaOOAMICUS 005 19970606000000.0 008 970606n it u000 u mul u 013 $a25985 020 $a8831191934 040 $aSeMil$bita 245 10$aSermoni (63-124) 700 1 $aBenterle, Gabriele.$0(OLS)http://semarc/name/27377 700 1 $aBenericetti, Ruggero.$0(OLS)http://semarc/name/27376 700 0 $aPetrus : Chrysologus,$c.$0(OLS)http://semarc/name/1211 773 0 $aPetrus : Chrysologus $tScrittori dell'area santambrosiana.$dMilano : Biblioteca Ambrosiana : Cittą Nuova, 1996-1997.$g2$w()1491 850 $aSeMil 852 $aSeMil$W1$xVenegono$y1$mSL1.V V 33$j20967$B20967$CSeMilBibl$Z2$F20969 $8I 961 $aSottoscrizione: Cittą Nuova (Agente) 996 $6020$a8831191934$9(OLS)http://semarc/number/29780 996 $6245$aSermoni (63-124)$9(OLS)http://semarc/title/84939